000 00310nam a2200133Ia 4500
008 230511s1971 xx 000 0 und d
041 _aeng
082 _a346.066 
100 _aFHJ Wileman
245 _aCompany Law
260 _aNew Delhi
_bPitman Series
_c1971
300 _a102
906 _aCompany Law
999 _c353840
_d353840